000 00604nac a22002051u 4500
008 150827r20052004ii a fr 001 0 eng d
020 _a8188458503
020 _a9788188458509
082 0 4 _a621.43
_bSIN
100 _aSingal, R. K.
245 1 0 _aInternal combustion engines
_cR. K. Singal.
260 _aNew Delhi :
_bKataria & Sons.,
_c2005.
300 _a406 p. :
_bill. ;
_c23 cm.
500 _aIndex: p. 403-406.
590 _aMohamed Hussein
650 _aInternal combustion engines.
_2BUEsh
651 _2BUEsh
653 _bENGMEC
_cAugust2015
942 _cBB
_k621.43S61712
_2ddc
999 _c1004
_d1004